000 00292nam a22001337a 4500
008 170712b xxu||||| |||| 00| 0 eng d
020 _a088908150133
041 _aeng
080 _a038
100 _a23
101 _aFJA
245 _aEXPANDED DICTIONARY
_cPATTERSON, R.F
942 _2udc
_cBK
999 _c20327
_d20327